Manuale del perfetto gentilomo

সংরক্ষণ করুন:
গ্রন্থ-পঞ্জীর বিবরন
প্রধান লেখক: Busi, Aldo
বিন্যাস: গ্রন্থ
প্রকাশিত: Milano : Sperling & Kupfer, 1992
ট্যাগগুলো: ট্যাগ যুক্ত করুন
কোনো ট্যাগ নেই, প্রথমজন হিসাবে ট্যাগ করুন!

MARC

LEADER 00000nam a22000007i 4500
001 755
003 NUMERAZIONE-ORIGINALE-BRESCIA
005 20260314231334.0
008 121012s2009 it |||||| ||||| |||||c
040 |c arcigay brescia 
100 |a Busi, Aldo 
245 0 |a Manuale del perfetto gentilomo 
260 |a Milano :  |b Sperling & Kupfer,  |c 1992 
500 |a Con preziose imbeccate anche per Lei 
942 |2 ddc  |c BK  |n 0 
952 |0 0  |1 0  |2 ddc  |4 0  |6 26  |7 0  |9 28641  |a BS  |b BS  |d 2026-02-06  |i 755  |l 0  |o 2-6-*  |r 2026-02-06 22:40:39  |w 2026-02-06  |x [REVISIONARE]  |y BK 
999 |c 24299  |d 24299